00447nam a2200157 a 45000010005000000030009000050080041000140400028000550820015000831000026000982450064001242600048001883000010002366500024002466500019002703558CO-ViMGA141112s2004 ck r 000 u spa d aCO-ViMGAbspacCO-ViMGA04a986.1 M6711 aMorales Benitez, Otto10aTeoria y aplicaciones de las historias locales y regionales aManizales : bUniversidad de Caldas, c1995 a503 p14aCOLOMBIA - HISTORIA14aHISTORIOGRAFIA